=LDR 00000nam 2200000 4500 =001 INLIS000000000005269 =005 20130612093522 =008 ***********************************Ind** =035 ##$$0010-061300000005269 =041 ##$$a Ind =082 ##$$a 634.902 6 =090 ##$$a 634.902 6, Pam h =100 ##$$a PAMULARDI, Bambang =245 ##$$a Hukum kehutanan dan pembangunan bidang kehutanan, Bambang Pamulardi =260 ##$$a 1999 $b Jakarta =300 ##$$a xix, 425 hlm, 21 cm =650 ##$$a Hutan dan Kehutanan =650 ##$$a Undang-undang dan Peraturan =850 ##$$a NBPNMAT